000
00275nam a22001217a 4500
008
170405b xxu||||| |||| 00| 0 eng d
041
_a
eng
080
_a
616.34
100
_a
9
101
_a
SHM
245
_a
ATLAS OF GASTROINTENSTINAL SURGERY
_c
NAKAYAMA, K
942
_2
udc
_c
BK
999
_c
9843
_d
9843